000 00432nam a2200169Ia 4500
008 221030s9999 xx 000 0 und d
020 _a9814057592
041 _aEnglish
082 _a105.23
_bSch
100 _aG. P. Schneider
245 0 _aElectronic Commerce
_cby G. P. Schneider, J. T. Perry
260 _bThomson Learning
_aNew Delhi
_c2000
300 _a408
650 _aBE Computer
700 _aJ. T. Perry
942 _cBK
999 _c2101
_d2101